| 000 | 01468cam a22003857a 4500 | ||
|---|---|---|---|
| 003 | CHAP | ||
| 005 | 20220329133053.0 | ||
| 008 | 971013s1990 r 00010 d | ||
| 010 | _a1832 | ||
| 011 | _a2804 | ||
| 035 | _a2004 | ||
| 040 | _cCHAP | ||
| 090 | _aTesis | ||
| 100 | 0 | 0 |
_aGutiérrez y Hernández, Mario Alberto. _951868 |
| 245 | 1 | 3 |
_aLa situación de la producción hortícola en el estado de Yucatán en el período de 1970 a 1985 _b: el caso de la producción de jitomate en el municipio de Dzidzantun |
| 260 |
_aChapingo, Méx. : _bEl Autor, _c1990 |
||
| 300 |
_a179 h. _b: ilus. |
||
| 502 | _aTesis (Ing. Agr. Esp. en Sociología Rural) -- UACH. Departamento de Sociología Rural | ||
| 590 |
_aALEPH _b10 _c20130110 _lUCH01 _h1209 |
||
| 590 |
_aBATCH-UPD _b10 _c20130110 _lUCH01 _h0031 |
||
| 590 |
_aBATCH-UPD _b10 _c20130110 _lUCH01 _h1118 |
||
| 590 |
_aBATCH-UPD _b10 _c20130409 _lUCH01 _h2014 |
||
| 590 |
_aBATCH-UPD _b10 _c20130410 _lUCH01 _h0709 |
||
| 590 |
_aBATCH-UPD _b10 _c20130914 _lUCH01 _h1558 |
||
| 590 |
_aCONVERSION _b10 _c20130109 _lUCH01 _h1302 |
||
| 650 | 1 | 4 |
_aHorticultura _xAspectos económicos. _956299 |
| 650 | 1 | 4 |
_aHorticultura _xEstadísticas. _956329 |
| 650 | 1 | 4 |
_aHorticultura _xYucatán. _956375 |
| 650 | 1 | 4 |
_aLegumbres _xMercadeo _xYucatán. _965756 |
| 650 | 1 | 4 |
_aTomate _xRendimiento. _9113761 |
| 901 | _aBK | ||
| 942 | _cFOLL | ||
| 949 |
_bBC _cTES _d-11499 _eTS1 _h23744 _i2004 _si |
||
| 949 |
_bBC _cTES _d-70199 _eTS2 _fc.2 _h23745 _i2004 _si |
||
| 999 |
_c1832 _d1832 |
||